Statistics for U.S. States Colonized by the Spanish Empire

Click here to take the quiz!

General Stats

  • This quiz has been taken 180 times
  • The average score is 17 of 22

Answer Stats

Answer% Correct
California
99%
Texas
97%
New Mexico
94%
Arizona
93%
Florida
92%
Nevada
86%
Colorado
85%
Louisiana
83%
Kansas
82%
Arkansas
82%
Alabama
81%
Utah
79%
Oklahoma
79%
Mississippi
77%
Wyoming
74%
Missouri
73%
Montana
73%
Nebraska
66%
South Dakota
66%
North Dakota
65%
Iowa
60%
Minnesota
49%

Score Distribution

Percentile by Number Answered

Percent of People with Each Score

Your Score History

You have not taken this quiz